000 00456nam a2200157Ia 4500
008 160316s2011 xxu||||| |||| 00| 0 eng d
082 _a344.046000
_bFAU
100 _aFaure Michael
245 _aClimate change liability
250 _a
260 _aLondon
_bEdward Elgar
_c2011
300 _a287p
_b
_cxi
365 _b Rs. 6,922
650 _a1. Liability For Climatic Change Damages 2. Climatic Changes - Law & Legislation
700 _aPeeters Marjan
_a
999 _c31588
_d31588